Elektrická energia v poľnohospodárstve konferencia

Gespeichert in:
Bibliographische Detailangaben
Format: Buch
Sprache:Slowakisch
Veröffentlicht: Bratislava Dom techniky ČSVTS 1987
Tags: Tag hinzufügen
Keine Tags, Fügen Sie das erste Tag hinzu!

MARC

LEADER 00000nam a2200000 4500
001 c111595
005 20041019155150.3
041 0 |a slo 
044 |a SK 
245 1 0 |a Elektrická energia v poľnohospodárstve  |b konferencia 
264 1 |a Bratislava  |b Dom techniky ČSVTS  |c 1987 
300 |a 134 s.